| 000 | 004420000a22001690004500 | ||
|---|---|---|---|
| 001 | 6103 | ||
| 090 | _a6103 | ||
| 100 | _a19980211 198 m||y0pory5003 ba | ||
| 102 | _aPT | ||
| 200 |
_aOverall error estimation _fM. Rosa Dias, Paulo Pinto, Sérgio Barbosa |
||
| 210 |
_aLisboa _cIM _d198 |
||
| 215 |
_a8 p. _d29 cm |
||
| 317 | _aOrigem: IM | ||
| 606 |
_aRADAR METEOROLOGICO _zIM |
||
| 700 | 1 |
_aDias _bM. Rosa |
|
| 700 | 1 |
_aPinto _bPaulo 1 |
|
| 700 |
_aBarbosa _bSérgio |
||